00449nam a2200157Ia 45000010006000000050017000060080041000230410008000640820025000721000030000972450111001272600009002383000028002476500008002756540008002831637320260306170304.0260306t2018||||xx |||||||||||||| ||und|| aESP a348.54085bF369 T. 2 aFoy Valencia, PierreeAUT 0aTratado de derecho ambiental peruano:buna lectura del derecho ambiental desde la Ley General del Ambiente c2018 a878 páginas :c25 cm. aGEN aCDE